000 00384nam a2200157Ia 4500
005 20260417150919.0
008 260417s9999||||xx |||||||||||||| ||und||
020 _a9781009568296
041 _aeng
100 _aLeon Dominguez
245 0 _aDigital behavior
260 _bCambridge, Cambridge,
_c2025
650 _aPsychology
856 _u10.1017/9781009568296
942 _cE-BOOK
999 _c50673
_d50673